| 000 | 01776nam0a2200349 4500 | ||
|---|---|---|---|
| 001 | rc\4024055 | ||
| 005 | 20260406085844.0 | ||
| 035 | _a(NLR Aleph) 007950649 | ||
| 090 |
_a8336799 _c8336799 |
||
| 100 | _a20130415d1949 |||y0rusy50 ca | ||
| 101 | 0 | _arus | |
| 102 | _aRU | ||
| 105 | _ay|||a|||010zy | ||
| 181 | 0 |
_ai _baxxe |
|
| 182 | 0 | _an | |
| 200 | 1 |
_aЧарлз Дарвин _e140 лет со дня рождения (12/II-1809 г.) _e90 лет со дня опубликования "Происхождения видов" (24/XI-1859) _fВсесоюзная государственная библиотека иностранной литературы _g[составитель: Научно-библиографический отдел ВГБИЛ] |
|
| 203 |
_aТекст _bвизуальный _cнепосредственный |
||
| 210 |
_aМосква _c[б. и.] _d1949 |
||
| 215 |
_a38 л. _d32 |
||
| 225 | 1 |
_aСерия Био-библиографические указатели и памятки к юбилейным датам в науке и литературе _vвып. 2 (56) |
|
| 309 | _aТекст на одной стороне л. | ||
| 309 | _aНапеч. на пиш. маш. Литогр. | ||
| 702 | 1 |
_4570 _8rus _7ca _aДарвин _bЧ. Р. _f1809-1882 _gЧарлз Роберт _3RU\NLR\AUTH\7756360 _939292 |
|
| 712 | 0 | 2 |
_4220 _aВсесоюзная библиотека иностранной литературы _bНаучно-библиографический отдел _9793964 _3RU\NLR\AUTH\880563421 |
| 801 | 0 |
_aRU _bNLR _gpsbo |
|
| 801 | 1 |
_aRU _bELAR _2rusmarc |
|
| 852 |
_aNLR _j641/Д-20 |
||
| 942 | _cBOOK | ||
| 980 | _aNB | ||